| 000 | 01117cam a2200253 a 4500 | ||
|---|---|---|---|
| 001 | 16841652 | ||
| 005 | 20250224105845.0 | ||
| 008 | 110622s2012 enka b 001 0 eng | ||
| 010 | _a 2011025051 | ||
| 020 | _a9780521172165 (pbk.) | ||
| 035 | _a(DNLM)101563194 | ||
| 040 |
_aDNLM/DLC _cDLC _dDLC |
||
| 042 | _apcc | ||
| 050 | 0 | 0 |
_aQH505 _b.D55 2012 |
| 060 | 1 | 0 | _aQT 34 |
| 082 | 0 | 0 |
_a571.4 _223 |
| 100 | 1 |
_aDillon, Patrick F., _d1951- _95307 |
|
| 245 | 1 | 0 |
_aBiophysics : _ba physiological approach / _cPatrick F. Dillon. |
| 260 |
_aCambridge ; _aNew York : _bCambridge University Press, _c2012. |
||
| 300 |
_axvi, 298 p. : _bill. ; _c26 cm. |
||
| 504 | _aIncludes bibliographical references and index. | ||
| 505 | 0 | _aThe energy around us -- Molecular contacts -- Diffusion and directed transport -- Energy production -- Force and movement -- Load bearing -- Fluid and air flow -- Biophysical interfaces : surface tension and membrane structural properties -- Membrane electrical properties -- Agonist activation and analysis -- Stability, complexity and non-linear systems. | |
| 650 | 1 | 2 |
_aBiophysical Phenomena. _95308 |
| 999 |
_c682 _d682 |
||